Τεχνολογικές Εφαρμογές Πλάσματος (Record no. 5660)
[ view plain ]
| 000 -LEADER | |
|---|---|
| fixed length control field | 01404cam a22001814a 4500 |
| 005 - ΗΜΕΡΟΜΗΝΙΑ ΚΑΙ ΩΡΑ ΤΕΛΕΥΤΑΙΑΣ ΕΝΗΜΕΡΩΣΗΣ | |
| Πεδίο ελέγχου | 20250605164218.0 |
| 008 - FIXED-LENGTH DATA ELEMENTS--GENERAL INFORMATION | |
| Πεδίο ελέγχου σταθερού μήκους | 250528s ||||||||||||||||||||||||d |
| 035 ## - SYSTEM CONTROL NUMBER | |
| System control number | 20569 |
| 040 ## - ΠΗΓΗ ΚΑΤΑΛΟΓΟΓΡΑΦΗΣΗΣ | |
| Φορέας πρωτότυπης καταλογογράφησης | MC Athens Campus Library |
| Γλώσσα καταλογογράφησης | Ελληνικά, Μοντέρνα (1453-) |
| Modifying agency | MC Athens Campus Library |
| Κανόνες περιγραφικής καταλογογράφησης | AACR2 |
| 245 1# - ΤΙΤΛΟΣ ΚΑΙ ΔΗΛΩΣΗ ΥΠΕΥΘΥΝΟΤΗΤΑΣ | |
| Τίτλος | Τεχνολογικές Εφαρμογές Πλάσματος |
| 260 ## - PUBLICATION, DISTRIBUTION, ETC. | |
| Name of publisher, distributor, etc. | Δημοκρίτειο Πανεπιστήμιο Θράκης, |
| Date of publication, distribution, etc. | 1994 |
| 300 ## - PHYSICAL DESCRIPTION | |
| Extent | 164 |
| 520 ## - SUMMARY, ETC. | |
| Summary, etc. | Πλάσμα, Ορισμός - Γενικά, Ιδιότητες του Πλάσματος, Πέπλο Φορτίου Πλησίον Γειωμένου Υλικού Στρώματος, Θωράκιση Debye, Θερμοκρασία Πλάσματος, Ταλαντώσεις Πλάσματος, Εκκενώσεις Αίγλης, Γενικά, Εκκενώσεις Αίγλης Συνεχούς Ρεύματος, Σχήματα, Εκκενώσεις Αίγλης Εναλλασσόμενου Ρεύματος σε Ραδιοσυχνότητες, Εφαρμογές, Μαγνητοϋδροδυναμικές Γεννήτριες, Συσκευές Προώθησης με Πλάσμα, Παραρτήματα, Διανυσματικός Λογισμός και Ηλεκτρομαγνητική Θεωρία, Πλάσμα, Φυσικές Σταθερές, Βιβλιογραφία. |
| 700 1# - ΠΡΟΣΘΕΤΗ ΑΝΑΓΡΑΦΗ--ΦΥΣΙΚΟ ΠΡΟΣΩΠΟ | |
| Personal name | Τσάγκας Νικόλαος Φ |
| 9 (RLIN) | 6544 |
| 942 ## - ADDED ENTRY ELEMENTS (KOHA) | |
| Koha item type | Books |
| Τύπος τεκμηρίου | Βιβλιοθήκη | Τρέχουσα τοποθεσία | Barcode | Αριθμός εισαγωγής | Ημερομηνία απόκτησης | Ταξιθετικό σύμβολο | Αριθμός αντιτύπου | Κατάσταση απόσυρσης | Κατάσταση χαμένου | Κατάσταση κατεστραμμένου | Μη δανεισμός | Σύνολο δανεισμών | Ημερομηνία τελευταίας εμφάνισης | Η τιμή ισχύει από |
|---|---|---|---|---|---|---|---|---|---|---|---|---|---|---|
| Books | MC Athens Campus Library | MC Athens Campus Library | 9780000056597 | 7048 | 05/06/2025 | 621.48 TSA | 1 | 05/06/2025 | 05/06/2025 |